00704 2200253 4500001002300000005001700023006001900040008004100059035002500100040001200125082001400137084001400151090002100165100003300186245008000219260004400299300003100343850001500374990000900389990000900398990000900407990001100416990002300427NBPULOB00000000001091020140716135619.0a ||| | 161121| ||| |  a0010-071400000001316 aNPBULOB0 a398.Rah.c a398.Rah.c a300/ Cerita Anak0 aMb. Rahimsyah & Irsyadu Anam00aCerita Rakyat Kalimantan Barat ( Legenda Liang Mengurang, Saudagar Borong ) aSurabayabMitra Cendekia Surabayac2002 a64 HalbIlusc20 x 14,5 cm aKPAD Lobar a4208 a4209 a4211 a12.527 a12529 / Sumb /2007